000 00574nam a2200181 4500
999 _c8366
_d8366
008 180130b xxu||||| |||| 00| 0 eng d
020 _a0-8016-1697-2
082 _21988
_aDC 612
_bP56
245 _aPhysiology/
_cedited by Robert M. Berne and Matthew N. Levy.
250 _aSECOND EDITION
260 _aToronto:
_bThe C.V. Mosby Company,
_c©1988.
300 _ax, 1077 pages:
_bcolor illustration;
_c27 cm.
521 _aIncludes index.
650 0 _925889
_aPhysiology
700 _925890
_aBerne, Robert M.
700 _925891
_aLevy Matthew N.
_eEditors
942 _2ddc
_cDC